| 000 | 00693nam a2200253Ia 4500 | ||
|---|---|---|---|
| 003 | OSt | ||
| 005 | 20220924125730.0 | ||
| 006 | a|||||r|||| 00| 0 | ||
| 007 | ta | ||
| 008 | 220923b |||||||| |||| 00| 0 per d | ||
| 024 | _a330385 | ||
| 037 | _cTextual | ||
| 040 |
_aARTS _cARTS _bper |
||
| 041 |
_2per _aper |
||
| 082 | _aT2:3, 164F4 | ||
| 100 |
_aSahifi Habib Ollah Au. _9198797 |
||
| 245 | 0 | _aDastoor aamuzish | |
| 260 |
_aTehran _bDanish publications Iran _c1924 |
||
| 300 |
_a85p. _ccm. |
||
| 650 |
_a SECONDARY EDUCATION _9171032 |
||
| 650 | _aPERSIAN LANGUAGE | ||
| 942 |
_hT2:3, 164F4 _cTEXL _2CC |
||
| 999 |
_c423240 _d423240 |
||